Migrácia Ukrajincov do Slovenskej republiky bakalárska práca

Salvato in:
Dettagli Bibliografici
Autore principale: Tóthová, Dominika
Ente Autore: Fakulta medzinárodných vzťahov EU. Katedra medzinárodných politických vzťahov
Altri autori: Zubro, Tetyana, 1975-
Natura: Libro
Lingua:slovacco
Pubblicazione: Bratislava 2019
Tags: Aggiungi Tag
Nessun Tag, puoi essere il primo ad aggiungerne!!

MARC

LEADER 00000nbm a2200000 4500
001 0265686
005 20200909145149.3
041 0 |a slo 
044 |a SK 
245 1 0 |a Migrácia Ukrajincov do Slovenskej republiky  |b bakalárska práca  |c Dominika Tóthová ; školiteľ: Tetyana Zubro 
264 1 |a Bratislava  |c 2019 
300 |a 43 s. 
100 1 |a Tóthová, Dominika 
700 1 |a Zubro, Tetyana, 1975- 
710 2 |a Fakulta medzinárodných vzťahov EU. Katedra medzinárodných politických vzťahov